00000000nam 2200000zi 4500
0019.902407
003CaOODSP
00520241127153700
006m     o  d f      
007cr bn ||||||||
008210810e19730518onc     ob   f|0| 0 eng d
040 |aCaOODSP|beng|erda|cCaOODSP
041 |aeng|afre
043 |an-cn---
0861 |aH14-379/1973-PDF
24500|aWorking paper on social security in Canada = |bDocument de travail sur la securite sociale au Canada.
24611|aDocument de travail sur la securite sociale au Canada
250 |aSecond Edition.
264 1|a[Ottawa] : |bGovernment of Canada = Gouvernement du Canada, |cApril 18, 1973.
300 |a1 online resource (57 pages)
336 |atext|btxt|2rdacontent
337 |acomputer|bc|2rdamedia
338 |aonline resource|bcr|2rdacarrier
500 |aDigitized edition from print [produced by Government of Canada Publications Directorate].
500 |aAlternate pages have duplicate numbering.
504 |aIncludes bibliographical references.
546 |aText in English and in French.
650 0|aSocial security|zCanada.
650 0|aPublic welfare|zCanada.
7101 |aCanada. |bDepartment of National Health and Welfare, |eissuing body.
788 |tWorking paper on social security in Canada = |efre|w(CaOODSP)9.945649
85640|qPDF|s5.58 MB|uhttps://publications.gc.ca/collections/collection_2024/sc-hc/H14-379-1973.pdf